| 000 | 01136nam a22002895i 4500 | ||
|---|---|---|---|
| 001 | 12520 | ||
| 003 | ES-MaACL | ||
| 005 | 20250827062557.0 | ||
| 007 | t| | ||
| 008 | 951212s1996 sp ||||0| spa j | ||
| 020 | _a84-7879-241-4 | ||
| 040 |
_aM-BN _bspa _cM-BN |
||
| 080 | _a343.195.2(460)"1995"(094.5) | ||
| 110 | 1 |
_aEspaña _93622 |
|
| 240 | 1 | 0 | _aLey orgánica del Tribunal del Jurado, 1995 |
| 245 | 1 | 0 |
_aLey orgánica del Tribunal del Jurado comentada _b: incluye las reformas operadas por la L.O. 8/1995, de 16 de noviembre, por la que se modifica la L.O. 5/1995, de 22 de mayo, del Tribunal del Jurado / _ccomentarios a cargo de Vicente Gimeno Sendra, José Garberí Llobregat. |
| 250 | _a1ª ed. | ||
| 260 |
_aMadrid : _bColex, _c1996. |
||
| 300 |
_a528 p ; _c20 cm. |
||
| 500 | _aIndice analítico. | ||
| 650 | 4 |
_aJurado- _zEspaña- _vLegislación. _914028 |
|
| 700 | 1 |
_aGimeno Sendra, Vicente. _957097 |
|
| 700 | 1 |
_aGarberí Llobregat, José. _953956 |
|
| 852 |
_aES-MaACL _jA-15245 _bR.126044 _912836 _cDEPO1 _dOlim: L 343.1(460)"1995" ESP _dOlim: Meseton |
||
| 942 | _2udc | ||
| 999 |
_c12520 _d12520 |
||